Rodová rovnosť na univerzite - kontexty a perspektívy recenzovaný zborník vedeckých prác

Bibliographic Details
Other Authors: Jesenková, Adriana, 1972- (Editor)
Format: Software eBook
Language:Slovak
PhysicalDescription:1 CD-ROM 12 cm
Vydané aj v tlačenej forme
Published: Košice Univerzita Pavla Jozefa Šafárika v Košiciach ŠafárikPress 2019
ISBN:9788081527494
Edition:Vydanie: prvé
Subjects:
Online Access:https://unibook.upjs.sk/sk/

MARC

LEADER 00000nam a2200000 4500
001 vtls011923416
003 SK-MaSNL
005 20260301053147.0
007 co bg auuua
008 200311s2019 xo | qn 000 0 slo
015 |a SNBS2020 
020 |a 9788081527494  |q (elektronická kniha) 
040 |a SNK  |b slo  |c SNK  |e rda 
041 0 |a slo 
044 |a xo  |c SK 
072 7 |a 378  |x Vysoké školy  |2 konspekt 
080 |a 342.722  |2 2011 
080 |a 316.66-055.1/.3  |2 2011 
080 |a 316.346.2  |2 2011 
080 |a 378.4  |2 2011 
080 |a (082)  |2 2011 
080 |a (0.034.44)  |2 2011 
245 0 0 |a Rodová rovnosť na univerzite - kontexty a perspektívy  |b recenzovaný zborník vedeckých prác  |c Adriana Jesenková (ed.) 
250 |a Vydanie: prvé 
264 1 |a Košice  |b Univerzita Pavla Jozefa Šafárika v Košiciach  |b ŠafárikPress  |c 2019 
300 |a 1 CD-ROM  |c 12 cm 
336 |a text  |b txt  |2 rdacontent 
337 |a počítač  |b c  |2 rdamedia 
338 |a počítačový disk  |b cd  |2 rdacarrier 
347 |a textový súbor  |b PDF  |2 rda 
504 |a Obsahuje bibliografické odkazy a bibliografie 
530 |a Vydané aj v tlačenej forme 
650 0 7 |a rodová rovnosť  |2 SNKPH  |9 83324 
650 0 7 |a muži a ženy  |2 SNKPH  |9 4886 
650 0 7 |a gender  |2 SNKPH  |9 4939 
650 0 7 |a univerzity  |2 SNKPH  |9 22152 
650 0 7 |a Gender equality  |2 SNKPHeng  |9 275649 
650 0 7 |a Men and women  |2 SNKPHeng  |9 268440 
650 0 7 |a Universities  |2 SNKPHeng  |9 265407 
655 7 |a zborníky  |2 SNKPH  |9 70165 
655 7 |a CD-ROM  |2 SNKPH  |9 70236 
655 7 |a Papers of several authors  |2 SNKPHeng  |9 153738 
700 1 |a Jesenková, Adriana,  |d 1972-  |4 edt  |9 248750 
776 1 |t Rodová rovnosť na univerzite - kontexty a perspektívy  |w vtls011902528 
856 4 1 |u https://unibook.upjs.sk/sk/ 
919 |a 978-80-8152-749-4 
958 |a NB 
999 |c 607639  |d 609569 
952 |a SNK  |b SNK  |y VYP  |7 0  |p 17A1417227  |o snkSCDM 11125  |i snk2020/6206  |8 0  |0 0  |1 0  |4 0  |d 2020-03-11  |l 0  |r 2026-02-23 16:13:40  |w 2026-02-23 
952 |t snkROD 316.346.2  |a SNKMST  |b SNKMST  |y PREZ  |7 0  |p 17A1417226  |o snkSCDM 11125 D1  |i snk2020/6207  |8 0  |0 0  |1 0  |4 0  |d 2020-03-11  |l 0  |r 2025-08-11 00:00:00  |w 2026-02-23